[Event "Montigny le Bretonneux Noel op 18th"]
[Site "Montigny le Bretonneux"]
[Date "2017.12.30"]
[Round "7"]
[White "Artieres, Michel"]
[Black "Toussaint, Antoine"]
[Result "0-1"]
[WhiteElo "1763"]
[BlackElo "1761"]
[PlyCount "65"]
[EventDate "2017.12.26"]
[EventType "swiss"]
[EventRounds "7"]
[EventCountry "FRA"]
[SourceTitle "CBM 182 Extra"]
[Source "ChessBase"]
[SourceDate "2018.02.23"]
[SourceVersion "1"]
[SourceVersionDate "2018.02.23"]
[SourceQuality "1"]

1. e4 c5 2. Nf3 d6 3. d4 cxd4 4. Nxd4 Nf6 5. Nc3 a6 6. Be3 e6 7. Be2 b5 8. a3 Nbd7 9. g4 Nb6 10. g5 Nfd7 11. f4 Bb7 12. Rf1 Nc5 13. Ndxb5 axb5 14. Bxb5+ Nbd7 15. Bxc5 dxc5 16. Qe2 Qc7 17. f5 0-0-0 18. fxe6 Ne5 19. exf7 Nxf7 20. Bc4 Ne5 21. Be6+ Kb8 22. Nd5 Qa5+ 23. Kf2 Ba6 24. Qe3 Bxf1 25. Kxf1 Qa6+ 26. Kg1 Qxe6 27. Qb3+ Ka7 28. c4 Rb8 29. Qc2 Qg4+ 30. Kh1 Qf3+ 31. Kg1 Qb3 32. Qe2 Qxb2 33. Qe1 0-1